000 01187nam a22002057a 4500
003 JO-AjAnu
005 20241218094440.0
008 240402b jo ||||| |||| 00| 0 ara d
040 _aJO-AjAnu
_cJO-AjAnu
041 0 _aara
050 _aKMM188.5
_b2023
100 1 _aالدهامشة، محمد محمود
_965207
_eمعد
245 _aوكيل الاعسار ودورة في إعادة تنظيم المشاريع الاقتصادية المتعثرة وفقا لقانون الإعسار الأردني(دراسة مقارنة) = The insolvency agent and his role in reorganizing troubled economic projects according to the jordanian innsolvency law )Compararative study) /
_cاعداد محمد محمود الدهامشة ؛ إشراف محمد علي بني مقداد
260 _c2023
300 _a130ورقة
500 _a رسالة جامعية (ماجستير) .- جامعة عجلون الوطنية (عجلون، الأردن)، كلية الحقوق ، تخصص القانون، 2023
650 7 0 _aالافلاس - قوانين وتشريعات - الاردن
_965208
700 1 _aبني مقداد ، محمد علي
_965253
_eمشرف
942 _2lcc
_cTHS
_n0
999 _c33401
_d33401